000
00296nam a22001217a 4500
999
_c
15456
_d
15456
020
_a
9788189422417
082
_a
635
_b
GOP/HO
100
_a
Gopalakrishnan, T R
_9
3160
245
_a
Vegetable crops
260
_a
New delhi ;
_b
New india publishing Agency ,
_c
2007 .
300
_a
343 p.
942
_c
BK